|
|
|
|
| LEADER |
01153pam a22003498a 4500 |
| 001 |
00037078 |
| 005 |
20171026081025.0 |
| 008 |
170424s2006 ||||||Viesd |
| 020 |
# |
# |
|c 70000
|
| 041 |
0 |
# |
|a Vie
|
| 082 |
1 |
4 |
|b TH500T
|a 959.704 092
|
| 100 |
1 |
# |
|a Trần, Quân Ngọc
|e Sưu tầm và biên soạn
|
| 245 |
0 |
0 |
|a Thủ tưởng Phạm Văn Đồng của chúng ta
|c Trần Quân Ngọc; Trần Đình Việt; Đoàn Minh Tuấn
|
| 260 |
# |
# |
|a Tp. Hồ Chí Minh
|b Tổng hợp Tp. Hồ Chí Minh
|c 2006
|
| 300 |
# |
# |
|a 533tr.
|c 22 cm.
|
| 653 |
# |
# |
|a Hoạt động
|
| 653 |
# |
# |
|a Bài viết
|
| 653 |
# |
# |
|a Nhân vật lịch Sử
|
| 653 |
# |
# |
|a Việt Nam
|
| 653 |
# |
# |
|a Thủ tướng
|
| 700 |
1 |
# |
|a Trần. Đình Việt
|e Sưu tầm và biên soạn
|
| 700 |
1 |
# |
|a Đoàn, Minh Tuấn
|
| 710 |
|
|
|a Sưu tầm và biên soạn
|
| 852 |
# |
# |
|j KD.0019920
|
| 852 |
# |
# |
|b Kho đọc
|j KD.0019920
|
| 910 |
|
|
|d 24/04/2017
|
| 980 |
# |
# |
|a Trung tâm Học liệu Lê Vũ Hùng, Trường Đại học Đồng Tháp
|